10 Best Selling Video Games of 2006 - Statistics

General Stats
  • This quiz has been taken 7 times
  • The average score is 3 of 10
Answer Stats
Publisher Genre Answer % Correct
Microsoft Game Studios Third Person Shooter Gears of War
67%
EA Sports Madden NFL 07
67%
Bethesda Softworks Action RPG The Elder Scrolls IV: Oblivion
67%
Activision Rhythym Guitar Hero II
50%
Activision FPS Call of Duty 3
17%
EA Boxing Fight Night Round 3
17%
LucasArts Action Adventure, Puzzle Lego Star Wars II: The Original Trilogy
17%
EA Racing Need for Speed: Carbon
17%
Square Enix Hack and Slash, RPG Kingdom Hearts II
0%
EA Sports NCAA Football 07
0%
No matching quizzes found
Score Distribution
Percent of People with Each Score
Percentile by Number Answered
Your Score History
You have not taken this quiz